Petit Bac #35 - Sous-préfectures françaises - Statistiques

Statistiques générales
  • Ce quiz a été pris 902 fois
  • Le résultat moyen est 13 sur 21
Statistiques - réponses
1ère lettre Sous-préfecture % Correct
B Brest / Boulogne-Billancourt / Béziers / Bayonne / Brive-la-Gaillarde / Boulogne-sur-Mer / Bergerac / Béthune / Beaune / Bressuire / Brignoles / Bayeux / Bonneville / Briançon / Bernay / Belley / Bagnères-de-Bigorre / Brioude / Bar-sur-Aube / Blaye / Bellac / Barcelonnette
92%
A Aix-en-Provence / Argenteuil / Antony / Arles / Alès / Abbeville / Albertville / Argentan / Autun / Arcachon / Apt / Avranches / Ambert / Avallon / Altkirch / Avesnes-sur-Helpe / Aubusson / Argelès-Gazost
88%
C Cherbourg-en-Cotentin / Calais / Cholet / Chalon-sur-Saône / Castres / Compiègne / Cambrai / Châtellerault / Carpentras / Cognac / Château-Gontier-sur-Mayenne / Château-Thierry / Castelsarrasin / Châteaudun / Châteaubriant / Clermont / Cosne-Cours-sur-Loire / Coutances / Chinon / Céret / Corte / Condom / Calvi / Commercy / Châteaulin / Clamecy / Charolles / Confolens / Château-Chinon / Castellane
88%
D Dunkerque / Douai / Draguignan / Dreux / Dieppe / Dole / Dax / Dinan / Die
84%
L Le Havre / Lorient / Les Sables-d'Olonne / Lens / L'Haÿ-les-Roses / Libourne / Lisieux / Lannion / Lunéville / La Flèche / Le Raincy / La Trinité / Limoux / Le Marin / La Tour-du-Pin / Lure / Les Andelys / Langres / Lodève / Langon / Louhans / Le Blanc / Loches / Lesparre-Médoc / La Châtre / Le Vigan / Largentière
83%
S Saint-Denis / Saint-Paul / Saint-Pierre / Saint-Nazaire / Sarcelles / Saint-Quentin / Saint-Malo / Saint-Laurent-du-Maroni / Saint-Germain-en-Laye / Saint-Benoît / Soissons / Saumur / Sens / Saintes / Saint-Dizier / Sarreguemines / Saint-Dié-des-Vosges / Sélestat / Segré-en-Anjou Bleu / Sedan / Saint-Julien-en-Genevois / Senlis / Saint-Omer / Sarrebourg / Saint-Gaudens / Saverne / Saint-Amand-Montrond / Saint-Claude / Sarlat-la-Canéda / Saint-Jean-de-Maurienne / Saint-Jean-d'Angély / Saint-Girons / Saint-Flour / Saint-Pierre / Sartène
82%
M Mulhouse / Meaux / Mantes-la-Jolie / Montluçon / Montbéliard / Muret / Millau / Marmande / Montbrison / Montargis / Morlaix / Mayenne / Molsheim / Montdidier / Montmorillon / Mamers / Montbard / Mortagne-au-Perche / Mauriac / Mirande / Montreuil
79%
V Valenciennes / Villefranche-sur-Saône / Vienne / Vierzon / Vichy / Villeneuve-sur-Lot / Verdun / Vire Normandie / Vendôme / Villefranche-de-Rouergue / Vitry-le-François / Val de Briey / Vouziers / Vervins
73%
R Reims / Roanne / Rambouillet / Rochefort / Riom / Romorantin-Lanthenay / Redon / Rethel / Rochechouart
71%
T Thionville / Thonon-les-Bains / Torcy / Toul / Thiers / Tournon-sur-Rhône / Thann
63%
N Narbonne / Nogent-sur-Marne / Nogent-le-Rotrou / Nérac / Nyons / Neufchâteau / Nogent-sur-Seine / Nantua / Nontron
59%
F Forbach / Fougères / Fontainebleau / Fontenay-le-Comte / Figeac / Forcalquier / Florac Trois Rivières
58%
P Palaiseau / Pontoise / Pontarlier / Pamiers / Pointe-à-Pitre / Pontivy / Provins / Parthenay / Pithiviers / Péronne / Prades
58%
G Grasse / Gex / Guingamp / Gourdon
53%
I Istres / Issoire / Issoudun
53%
E Étampes / Epernay
39%
U Ussel
35%
Y Yssingeaux
32%
O Oloron-Sainte-Marie
27%
H Haguenau
26%
J Jonzac
24%
Aucun quiz correspondant
Distribution des résultats
% des personnes avec chaque résultat
Percentile par nombre de réponses
Votre historique - résultats
Vous n’avez pas pris ce quiz